000 00347nam a2200157Ia 4500
008 160316s9999 xxu||||| |||| 00| 0 eng d
082 _a179.000000
_bSAN
100 _aSankar Ulaganthan
245 _aEnvironmental policy
250 _a
260 _a
_b
_c0
300 _a49
_b
_c
365 _b
650 _a1. Evolution policy
700 _a
_a
999 _c40921
_d40921